Apuntes petrográficos de Galicia / (Record no. 189373)

MARC details
000 -LEADER
campo de control de longitud fija 00820nam a2200181 i 4500
001 - NÚMERO DE CONTROL
campo de control 189373
003 - IDENTIFICADOR DE NÚMERO DE CONTROL
campo de control ES-MaACL
005 - FECHA Y HORA DE LA ÚLTIMA TRANSACCIÓN
campo de control 20230906223446.0
008 - DATOS DE LONGITUD FIJA--INFORMACIÓN GENERAL
campo de control de longitud fija 190527s1881 sp |||| | spa d
100 1# - ENTRADA PRINCIPAL--NOMBRE DE PERSONA
Nombre de persona Mac-Pherson, J. (
Fechas asociadas al nombre 1839-1902)
9 (RLIN) 75045
245 10 - MENCIÓN DEL TÍTULO
Título Apuntes petrográficos de Galicia /
Mención de responsabilidad, etc. por J. Macpherson.
260 ## - PUBLICACIÓN, DISTRIBUCIÓN, ETC.
Lugar de publicación, distribución, etc. [S.l. :
Nombre del editor, distribuidor, etc. s.n.,
Fecha de publicación, distribución, etc. 1881?]
300 ## - DESCRIPCIÓN FÍSICA
Extensión P. [49]-87., [1] h. de lám.. ;
Dimensiones 23 cm.
594 ## - Nota al título y mención de responsabilidad
Nota al título y mención de responsabilidad Sin portada, título y autor tomado de principio del texto.
595 ## -
-- Separata de: Anales de la Soc. Esp. de Hist. Natural. T. X, 1881.
650 #4 - PUNTO DE ACCESO ADICIONAL DE MATERIA--TÉRMINO DE MATERIA
Término de materia o nombre geográfico como elemento de entrada Geología-
Subdivisión geográfica Galicia.
9 (RLIN) 150369
852 ## - LOCALIZACIÓN
Ubicación ES-MaACL
Número de control de estantería B-8927(7)
Nota libre .- Legado de Federico de Botella y de Hornos
-- .- Encuadernado en un vol. facticio agrupado con el nombre en el lomo: España, geología, memorias y documentos varios 41 al 56
Holdings
Estatus retirado Estado de pérdida Estado de daño No para préstamo Colección Biblioteca de origen Biblioteca actual Ubicación en estantería Fecha de adquisición Fuente de adquisición Total de préstamos Signatura topográfica completa Código de barras Visto por última vez Precio de reemplazo Tipo de ítem Koha
        Libros del s. XIX Biblioteca del Ateneo de Madrid Biblioteca del Ateneo de Madrid Sala Pardo Bazán 27/05/2019     B-8927(7) 1200643 23/02/2023 23/02/2023 Libro impreso antiguo